Catalog of type specimens of recent fishes in the NAtional Museum of Natural History, Smithsonian Institution, 5: sharks chondrichthyes: selachii
Salvato in:
| Autori principali: | , |
|---|---|
| Natura: | Libro |
| Lingua: | inglese |
| Pubblicazione: |
Washington, D.C
Smithsonian Institution Press
1993
|
| Serie: | Smithsonian Contributions to Zoology, 540
|
| Soggetti: | |
| Tags: |
Aggiungi Tag
Nessun Tag, puoi essere il primo ad aggiungerne!!
|
MARC
| LEADER | 00000nam a2200000 a 4500 | ||
|---|---|---|---|
| 001 | UCZ9556 | ||
| 003 | CL-VaPUC | ||
| 008 | 960308e19930000US |||||||||||||||||eng|d | ||
| 082 | 0 | 4 | |a 597.31 |b HOW |2 21 |
| 100 | |a Howe, Jeffrey C |e author |9 354544 | ||
| 700 | 0 | |a Springer, Victor G |e author |9 354545 | |
| 245 | 1 | 0 | |a Catalog of type specimens of recent fishes in the NAtional Museum of Natural History, Smithsonian Institution, 5: sharks chondrichthyes: selachii |
| 300 | |a 19 p | ||
| 942 | |c BK | ||
| 945 | |d 19960308 00:00:00 |a rleighto | ||
| 260 | |a Washington, D.C |b Smithsonian Institution Press |c 1993 | ||
| 600 | 0 | 7 | |a MUSEO NACIONAL DE HISTORIA NATURAL |2 CL-VaPUC |9 354524 |
| 650 | 0 | |a Zoología |9 261613 | |
| 650 | 7 | |a TIBURONES |2 CL-VaPUC |9 261869 | |
| 650 | 7 | |a ESPECIES |2 CL-VaPUC |9 331928 | |
| 650 | 0 | |a Catálogos |9 256258 | |
| 651 | 7 | |a WASHINGTON |2 CL-VaPUC |9 324092 | |
| 651 | 0 | |a Estados Unidos |9 255178 | |
| 583 | |a last modification |c 19960308 00:00:00 |k Rodrigo Vera | ||
| 490 | 0 | |a Smithsonian Contributions to Zoology, 540 | |
| 999 | |c 244810 |d 244808 | ||